UBT Library

MIGRATION ECONOMIC GROWTH IN THE UNITED STATES NATIONAL AND METROPOLITAN PERSPECTIVES (Record no. 39424)

000 -LEADER
fixed length control field 00336nam a22001217a 4500
008 - FIXED-LENGTH DATA ELEMENTS--GENERAL INFORMATION
fixed length control field 171226b xxu||||| |||| 00| 0 eng d
041 ## - LANGUAGE CODE
Language code of text/sound track or separate title eng
080 ## - UNIVERSAL DECIMAL CLASSIFICATION NUMBER
Universal Decimal Classification number 33
100 ## - Rafti
Rafti 53
101 ## - Shkurtesa
Shkurtesa ECO
245 ## - TITLE STATEMENT
Title MIGRATION ECONOMIC GROWTH IN THE UNITED STATES NATIONAL AND METROPOLITAN PERSPECTIVES
Statement of responsibility, etc MICHAEL.J.G
942 ## - ADDED ENTRY ELEMENTS (KOHA)
Source of classification or shelving scheme
Item type Books
Holdings
Withdrawn status Lost status Source of classification or shelving scheme Damaged status Not for loan Collection code Permanent location Current location Shelving location Date acquired Total Checkouts Full call number Barcode Date last seen Price effective from Koha item type
          Koleksioni i përgjithshem UBT - Lipjan UBT - Lipjan Koleksioni i përgjithshem 12/26/2017   33 MIC 002-2939683 12/26/2017 12/26/2017 Books
UBT Library © 2015-2024. All rights reserved University Education for Business and Technology